[Event "GER rap17 FSM/V04 email"]
[Site "GER email"]
[Date "2018.05.25"]
[Round "?"]
[White "Frotscher, Thomas"]
[Black "Wittenberg, Gerd"]
[Result "1-0"]
[WhiteElo "1967"]
[BlackElo "1972"]
[PlyCount "81"]
[EventDate "2018.06.12"]
[EventType "tourn (corr)"]
[EventRounds "4"]
[EventCountry "GER"]
[SourceTitle "Corr 2020"]
[Source "ChessBase"]
[SourceDate "2019.09.30"]
[SourceVersion "1"]
[SourceVersionDate "2019.09.30"]
[SourceQuality "1"]

1. d4 Nf6 2. c4 c5 3. d5 e5 4. Nc3 d6 5. e4 Be7 6. g3 0-0 7. Bg2 Nbd7 8. Nf3 Re8 9. 0-0 Nf8 10. Ne1 a6 11. a4 N6d7 12. h4 Nf6 13. b3 Bg4 14. Qd3 Qd7 15. Nc2 Bh3 16. Ne3 Bd8 17. a5 g6 18. Bd2 Nh5 19. Qe2 Rb8 20. Qf3 Nf6 21. Na4 Bxg2 22. Kxg2 Qc7 23. h5 Nxh5 24. Ng4 f6 25. Rh1 Kh8 26. Nh6 Ng7 27. b4 Qe7 28. bxc5 dxc5 29. Be3 Nd7 30. Rh2 Rc8 31. Rah1 Nf8 32. d6 Qd7 33. Nxc5 Qc6 34. Nf7+ Kg8 35. Rxh7 Kxf7 36. Rxg7+ Kxg7 37. Bh6+ Kg8 38. Bxf8 Kxf8 39. Qg4 Qxd6 40. Qxc8 Qc6 41. Rh8+ 1-0

[Event "GER HS-239 email"]
[Site "GER email"]
[Date "2018.05.24"]
[Round "?"]
[White "Reichgeld, Manfred"]
[Black "Wittenberg, Gerd"]
[Result "1/2-1/2"]
[WhiteElo "2054"]
[BlackElo "2006"]
[PlyCount "53"]
[EventDate "2018.06.05"]
[EventType "tourn (corr)"]
[EventRounds "6"]
[EventCountry "GER"]
[SourceTitle "Corr 2022"]
[Source "ChessBase"]
[SourceDate "2021.10.24"]
[SourceVersion "1"]
[SourceVersionDate "2021.10.24"]
[SourceQuality "1"]

1. d4 Nf6 2. c4 e6 3. Nc3 Bb4 4. e3 0-0 5. Bd3 Nc6 6. Nge2 d5 7. cxd5 exd5 8. a3 Bxc3+ 9. Nxc3 Ne7 10. Qc2 a5 11. 0-0 b6 12. f3 Re8 13. Ne2 Qd7 14. e4 dxe4 15. fxe4 Nc6 16. Be3 Ng4 17. Qd2 Ba6 18. Bxa6 Rxa6 19. Bf4 Nf6 20. e5 Nd5 21. Bg5 b5 22. Rf2 h6 23. Bh4 a4 24. Raf1 Rf8 25. Qd3 Rb6 26. Qe4 Qe6 27. Nf4 1/2-1/2

[Event "GER HS-240 email"]
[Site "GER email"]
[Date "2018.05.24"]
[Round "?"]
[White "Schwarte, Joachim"]
[Black "Wittenberg, Gerd"]
[Result "0-1"]
[WhiteElo "1820"]
[BlackElo "2006"]
[PlyCount "62"]
[EventDate "2018.06.12"]
[EventType "tourn (corr)"]
[EventRounds "6"]
[EventCountry "GER"]
[SourceTitle "Corr 2022"]
[Source "ChessBase"]
[SourceDate "2021.10.24"]
[SourceVersion "1"]
[SourceVersionDate "2021.10.24"]
[SourceQuality "1"]

1. d4 Nf6 2. c4 c5 3. d5 b5 4. Nf3 Bb7 5. a4 Qa5+ 6. Bd2 b4 7. Qc2 g6 8. e4 d6 9. Bd3 Bg7 10. 0-0 Nbd7 11. Bf4 0-0 12. Nbd2 Qc7 13. h3 a5 14. Ng5 Rae8 15. Rfe1 Nh5 16. Be3 e5 17. Ngf3 Bc8 18. Nb3 Nf4 19. Bf1 Nf6 20. Kh2 N6h5 21. g3 f5 22. gxf4 fxe4 23. Nxe5 Qd8 24. Nc6 Qh4 25. Nc1 Nxf4 26. Bxf4 Rxf4 27. Kg1 Bxh3 28. Bxh3 Qxh3 29. Re3 Rg4+ 30. Rg3 e3 31. Rxg4 Qxg4+ 0-1

[Event "GER MS-271 email"]
[Site "GER email"]
[Date "2017.10.25"]
[Round "?"]
[White "Wittenberg, Gerd"]
[Black "Jung, Reiner"]
[Result "1/2-1/2"]
[WhiteElo "1984"]
[BlackElo "2058"]
[PlyCount "100"]
[EventDate "2017.11.05"]
[EventType "tourn (corr)"]
[EventRounds "6"]
[EventCountry "GER"]
[SourceTitle "Corr 2020"]
[Source "ChessBase"]
[SourceDate "2019.09.30"]
[SourceVersion "1"]
[SourceVersionDate "2019.09.30"]
[SourceQuality "1"]

1. d4 Nf6 2. c4 d6 3. Nf3 g6 4. Nc3 Bg7 5. g3 0-0 6. Bg2 Nbd7 7. 0-0 e5 8. e4 c6 9. h3 Qa5 10. Re1 exd4 11. Nxd4 Ne5 12. Bf1 Re8 13. Be3 Be6 14. Nxe6 Rxe6 15. Kg2 Ned7 16. f3 Nh5 17. Rc1 g5 18. Qd2 Be5 19. Bf2 Rg6 20. Rcd1 Ng7 21. Nd5 Qd8 22. Ne3 h5 23. Nf5 Qf6 24. Qc2 h4 25. g4 Ne6 26. Be3 c5 27. Kh1 Nd4 28. Bxd4 Bxd4 29. Qa4 Ne5 30. Qb3 b6 31. Bd3 Bf2 32. Re2 Bg3 33. Bb1 Bf4 34. Rd5 Re8 35. Bc2 Qd8 36. Re1 Ree6 37. Red1 Nc6 38. Rf1 Qc7 39. a3 Be5 40. Rd2 Nd4 41. Qd3 Re8 42. Rb1 Qd7 43. Qf1 Ra8 44. Rbd1 Rb8 45. Bb1 Kf8 46. Rf2 Ne6 47. Rfd2 Nf4 48. b3 a5 49. a4 Re8 50. Ne3 Qd8 1/2-1/2

[Event "GER rap15 FSM/V04 email"]
[Site "GER email"]
[Date "2017.10.23"]
[Round "?"]
[White "Nitschke, Norbert"]
[Black "Wittenberg, Gerd"]
[Result "1/2-1/2"]
[WhiteElo "1801"]
[BlackElo "1865"]
[PlyCount "46"]
[EventDate "2017.11.01"]
[EventType "tourn (corr)"]
[EventRounds "4"]
[EventCountry "GER"]
[SourceTitle "Corr 2020"]
[Source "ChessBase"]
[SourceDate "2019.09.30"]
[SourceVersion "1"]
[SourceVersionDate "2019.09.30"]
[SourceQuality "1"]

1. e4 c5 2. d4 cxd4 3. Nf3 e5 4. c3 Nc6 5. cxd4 exd4 6. Nxd4 Nf6 7. Nc3 Bb4 8. Bc4 Nxe4 9. 0-0 Bxc3 10. bxc3 d5 11. Bb5 0-0 12. Nxc6 bxc6 13. Bxc6 Ba6 14. Re1 Rc8 15. Qxd5 Nxc3 16. Qxd8 Ne2+ 17. Rxe2 Rfxd8 18. Re8+ Rxe8 19. Bxe8 Rxe8 20. Be3 Re7 21. Rd1 f6 22. a4 Bc4 23. Rc1 Bb3 1/2-1/2

[Event "GER rap15 FSM/V04 email"]
[Site "GER email"]
[Date "2017.10.23"]
[Round "?"]
[White "Wittenberg, Gerd"]
[Black "Lemke, Burghard"]
[Result "1/2-1/2"]
[WhiteElo "1865"]
[BlackElo "1908"]
[PlyCount "62"]
[EventDate "2017.11.01"]
[EventType "tourn (corr)"]
[EventRounds "4"]
[EventCountry "GER"]
[SourceTitle "Corr 2020"]
[Source "ChessBase"]
[SourceDate "2019.09.30"]
[SourceVersion "1"]
[SourceVersionDate "2019.09.30"]
[SourceQuality "1"]

1. e4 e5 2. Nf3 Nf6 3. Nxe5 d6 4. Nf3 Nxe4 5. d4 d5 6. Bd3 Be7 7. 0-0 Nc6 8. c4 Nb4 9. Be2 0-0 10. Nc3 Bf5 11. a3 Nxc3 12. bxc3 Nc6 13. Re1 Re8 14. cxd5 Qxd5 15. Bf4 Rac8 16. Bf1 Bd6 17. Rxe8+ Rxe8 18. c4 Qe4 19. Be3 Bg4 20. Be2 Bf5 21. c5 Bf4 22. Bxf4 Qxf4 23. d5 Ne7 24. d6 cxd6 25. cxd6 Nc6 26. Ra2 Be4 27. Rd2 Qf6 28. h3 Rd8 29. Qa4 Bg6 30. d7 Bf5 31. Qb3 Rxd7 1/2-1/2

[Event "GER MS-268 email"]
[Site "GER email"]
[Date "2017.08.14"]
[Round "?"]
[White "Wittenberg, Gerd"]
[Black "Vogel, Paul"]
[Result "1-0"]
[WhiteElo "1920"]
[BlackElo "1798"]
[PlyCount "35"]
[EventDate "2017.08.18"]
[EventType "tourn (corr)"]
[EventRounds "6"]
[EventCountry "GER"]
[SourceTitle "Corr 2020"]
[Source "ChessBase"]
[SourceDate "2019.09.30"]
[SourceVersion "1"]
[SourceVersionDate "2019.09.30"]
[SourceQuality "1"]

1. e4 c5 2. Nf3 Nc6 3. d4 cxd4 4. Nxd4 e6 5. Nc3 a6 6. Nxc6 bxc6 7. Bd3 Ne7 8. 0-0 Ng6 9. f4 Bc5+ 10. Kh1 0-0 11. Qh5 d6 12. f5 Ne5 13. f6 gxf6 14. Rf4 Ng6 15. Rf3 Re8 16. e5 f5 17. Rh3 Nf8 18. Bg5 1-0

[Event "GER MS-266 email"]
[Site "GER email"]
[Date "2017.07.23"]
[Round "?"]
[White "Langheld, Werner"]
[Black "Wittenberg, Gerd"]
[Result "1/2-1/2"]
[WhiteElo "1957"]
[BlackElo "1972"]
[PlyCount "45"]
[EventDate "2017.07.28"]
[EventType "tourn (corr)"]
[EventRounds "6"]
[EventCountry "GER"]
[SourceTitle "Corr 2020"]
[Source "ChessBase"]
[SourceDate "2019.09.30"]
[SourceVersion "1"]
[SourceVersionDate "2019.09.30"]
[SourceQuality "1"]

1. e4 e5 2. Nf3 Nc6 3. Bc4 Bc5 4. b4 Bxb4 5. c3 Ba5 6. d4 d6 7. Qb3 Qd7 8. dxe5 dxe5 9. Ba3 Bb6 10. Bb5 Qe6 11. Qxe6+ Bxe6 12. Nxe5 0-0-0 13. Nxc6 bxc6 14. Bxc6 Nf6 15. f3 Bd7 16. Bxd7+ Nxd7 17. Kd1 Ne5+ 18. Kc2 Nc4 19. Bc1 Be3 20. a4 Bxc1 21. Kxc1 Rd3 22. Ra2 Rhd8 23. Re2 1/2-1/2

[Event "GER MS-266 email"]
[Site "GER email"]
[Date "2017.07.23"]
[Round "?"]
[White "Wittenberg, Gerd"]
[Black "Herzog, Klaus"]
[Result "1/2-1/2"]
[WhiteElo "1972"]
[BlackElo "1906"]
[PlyCount "86"]
[EventDate "2017.07.28"]
[EventType "tourn (corr)"]
[EventRounds "6"]
[EventCountry "GER"]
[SourceTitle "Corr 2020"]
[Source "ChessBase"]
[SourceDate "2019.09.30"]
[SourceVersion "1"]
[SourceVersionDate "2019.09.30"]
[SourceQuality "1"]

1. e4 e5 2. Nf3 Nc6 3. c3 d5 4. Bb5 dxe4 5. Nxe5 Qd5 6. Qa4 Nge7 7. Nxc6 Nxc6 8. Bxc6+ Qxc6 9. Qxc6+ bxc6 10. b3 a5 11. Ba3 a4 12. Bxf8 Rxf8 13. Na3 Be6 14. b4 0-0-0 15. Nc2 Kb7 16. a3 Bc4 17. 0-0-0 f5 18. Rde1 Kb6 19. f3 Bd3 20. h4 g6 21. Rh3 Rd6 22. Ne3 c5 23. fxe4 fxe4 24. Rg3 cxb4 25. cxb4 Rc8 26. Rg5 c5 27. Kb2 cxb4 28. axb4 Bc4 29. Nxc4+ Rxc4 30. Ka3 Rxd2 31. Kxa4 Rb2 32. Rb5+ Kc6 33. Rb8 Kc7 34. Rb5 Rxg2 35. Kb3 Rd4 36. Re5 Rg3+ 37. Ka4 Rg4 38. Re7+ Kd6 39. Rxh7 e3 40. h5 Rxb4+ 41. Ka3 Rbe4 42. hxg6 Rxg6 43. Kb3 Kd5 1/2-1/2

[Event "GER MS-266 email"]
[Site "GER email"]
[Date "2017.07.23"]
[Round "?"]
[White "Woll, Uwe"]
[Black "Wittenberg, Gerd"]
[Result "1/2-1/2"]
[WhiteElo "2027"]
[BlackElo "1972"]
[PlyCount "85"]
[EventDate "2017.07.28"]
[EventType "tourn (corr)"]
[EventRounds "6"]
[EventCountry "GER"]
[SourceTitle "Corr 2020"]
[Source "ChessBase"]
[SourceDate "2019.09.30"]
[SourceVersion "1"]
[SourceVersionDate "2019.09.30"]
[SourceQuality "1"]

1. d4 Nf6 2. c4 e5 3. dxe5 Ng4 4. Bf4 Bb4+ 5. Nd2 d6 6. exd6 Bxd6 7. Bxd6 Qxd6 8. Qb3 b6 9. Ngf3 Nd7 10. e3 Bb7 11. Be2 Rd8 12. Rd1 0-0 13. 0-0 Qg6 14. Ne1 Nc5 15. Qc2 Ne4 16. Bxg4 Rxd2 17. Rxd2 Nxd2 18. Qxd2 Qxg4 19. b3 h6 20. f3 Qg5 21. Qe2 Re8 22. Nc2 Qa5 23. Nd4 Qg5 24. Re1 a6 25. e4 Rd8 26. Qf2 a5 27. h3 Kh7 28. Nf5 a4 29. Kh2 Rd2 30. Re2 Rxe2 31. Qxe2 Qf4+ 32. Kg1 Qc1+ 33. Kf2 Qc3 34. bxa4 Bc6 35. a5 bxa5 36. Ne3 Bd7 37. Qc2 Qe5 38. Ke2 Be6 39. Qb3 Qd4 40. h4 c5 41. Qd3 Qa1 42. Qc2 a4 43. Qxa4 1/2-1/2

[Event "GER MS-265 email"]
[Site "GER email"]
[Date "2017.07.03"]
[Round "?"]
[White "Wittenberg, Gerd"]
[Black "Goldbecker, Kurt Juergen"]
[Result "1/2-1/2"]
[WhiteElo "2021"]
[BlackElo "1995"]
[PlyCount "69"]
[EventDate "2017.07.10"]
[EventType "tourn (corr)"]
[EventRounds "6"]
[EventCountry "GER"]
[SourceTitle "Corr 2020"]
[Source "ChessBase"]
[SourceDate "2019.09.30"]
[SourceVersion "1"]
[SourceVersionDate "2019.09.30"]
[SourceQuality "1"]

1. Nf3 Nf6 2. g3 d5 3. c4 c6 4. Qb3 g6 5. d4 Bg7 6. Bg2 0-0 7. 0-0 a5 8. cxd5 a4 9. Qd1 cxd5 10. Nc3 Qa5 11. Bd2 Nc6 12. e3 Rd8 13. Ne5 Qa6 14. f4 Bf5 15. g4 Be4 16. Bh3 h6 17. g5 hxg5 18. fxg5 Nxe5 19. gxf6 exf6 20. dxe5 f5 21. Nxe4 dxe4 22. Qe1 Bxe5 23. Bc3 Bxc3 24. bxc3 Rd3 25. Qg3 Qd6 26. Rf4 Kf8 27. Qg5 Qc5 28. Kh1 Qxc3 29. Rg1 Ra5 30. Bf1 Rd1 31. Rh4 Rd6 32. Be2 Qf6 33. Qh6+ Qg7 34. Qf4 Rad5 35. Rh6 1/2-1/2

[Event "GER MS-262 email"]
[Site "GER email"]
[Date "2017.05.31"]
[Round "?"]
[White "Wittenberg, Gerd"]
[Black "Egner, Michael"]
[Result "1/2-1/2"]
[WhiteElo "1920"]
[BlackElo "2065"]
[PlyCount "43"]
[EventDate "2017.06.06"]
[EventType "tourn (corr)"]
[EventRounds "6"]
[EventCountry "GER"]
[SourceTitle "Corr 2020"]
[Source "ChessBase"]
[SourceDate "2019.09.30"]
[SourceVersion "1"]
[SourceVersionDate "2019.09.30"]
[SourceQuality "1"]

1. d4 Nf6 2. c4 g6 3. Nc3 d5 4. Bg5 Ne4 5. Bh4 Nxc3 6. bxc3 dxc4 7. e3 Be6 8. Be2 Nc6 9. Nf3 Na5 10. 0-0 c6 11. Ng5 Bd5 12. e4 h6 13. exd5 hxg5 14. dxc6 Rxh4 15. cxb7 Nxb7 16. Bf3 Qd7 17. Rb1 Rb8 18. g3 Rh7 19. Bxb7 Rxb7 20. Qf3 Rxb1 21. Qa8+ Qd8 22. Qc6+ 1/2-1/2

[Event "GER MS-261 email"]
[Site "GER email"]
[Date "2017.04.20"]
[Round "?"]
[White "Wittenberg, Gerd"]
[Black "Milde, Lars"]
[Result "1/2-1/2"]
[WhiteElo "1920"]
[BlackElo "2060"]
[PlyCount "51"]
[EventDate "2017.04.25"]
[EventType "tourn (corr)"]
[EventRounds "6"]
[EventCountry "GER"]
[SourceTitle "Corr 2020"]
[Source "ChessBase"]
[SourceDate "2019.09.30"]
[SourceVersion "1"]
[SourceVersionDate "2019.09.30"]
[SourceQuality "1"]

1. e4 e5 2. Nf3 Nc6 3. Bb5 g6 4. d4 exd4 5. c3 a6 6. Bxc6 dxc6 7. cxd4 Bg7 8. Nc3 Ne7 9. h3 0-0 10. 0-0 h6 11. Qc2 f5 12. Qb3+ Kh7 13. e5 g5 14. Rd1 Qe8 15. Qc2 Qg6 16. b3 f4 17. Qxg6+ Kxg6 18. Ba3 Re8 19. Rac1 Be6 20. Bxe7 Rxe7 21. d5 cxd5 22. Nxd5 Bxd5 23. Rxd5 Rf8 24. Re1 Rff7 25. Rd8 Re6 26. Rb8 1/2-1/2

[Event "GER MS-259 email"]
[Site "GER email"]
[Date "2017.04.06"]
[Round "?"]
[White "Wittenberg, Gerd"]
[Black "Schwamberger, Jessica"]
[Result "1/2-1/2"]
[WhiteElo "1865"]
[BlackElo "2036"]
[PlyCount "53"]
[EventDate "2017.04.11"]
[EventType "tourn (corr)"]
[EventRounds "6"]
[EventCountry "GER"]
[SourceTitle "Corr 2020"]
[Source "ChessBase"]
[SourceDate "2019.09.30"]
[SourceVersion "1"]
[SourceVersionDate "2019.09.30"]
[SourceQuality "1"]

1. e4 e5 2. Nf3 Nc6 3. Bb5 a6 4. Bxc6 dxc6 5. 0-0 Bg4 6. h3 h5 7. d3 Qf6 8. Re1 Bxf3 9. Qxf3 Qxf3 10. gxf3 Bd6 11. f4 exf4 12. e5 Be7 13. Bxf4 g5 14. Bd2 Nh6 15. Bc3 Rg8 16. Nd2 Kd7 17. Re4 c5 18. Kf1 Ke6 19. Ke2 Nf5 20. Rg1 Rad8 21. Nf3 Rg6 22. b3 Rdg8 23. Nh2 Rd8 24. Nf3 b6 25. Ra4 Ra8 26. Bb2 Rg7 27. Kd2 1/2-1/2

[Event "GER MS-259 email"]
[Site "GER email"]
[Date "2017.04.06"]
[Round "?"]
[White "Wittenberg, Gerd"]
[Black "Vieth, Martin"]
[Result "1/2-1/2"]
[WhiteElo "1865"]
[BlackElo "1929"]
[PlyCount "32"]
[EventDate "2017.04.11"]
[EventType "tourn (corr)"]
[EventRounds "6"]
[EventCountry "GER"]
[SourceTitle "Corr 2020"]
[Source "ChessBase"]
[SourceDate "2019.09.30"]
[SourceVersion "1"]
[SourceVersionDate "2019.09.30"]
[SourceQuality "1"]

1. e4 e5 2. Nf3 Nc6 3. Bb5 a6 4. Bxc6 dxc6 5. 0-0 Bg4 6. h3 Bh5 7. d3 f6 8. Be3 c5 9. Nbd2 Bd6 10. c3 Ne7 11. Qb3 Bf7 12. Qxb7 Rb8 13. Qxa6 Ra8 14. Qb7 Rb8 15. Qa6 Ra8 16. Qb7 Rb8 1/2-1/2

[Event "GER MS-255 email"]
[Site "GER email"]
[Date "2017.01.23"]
[Round "?"]
[White "Schmidt, Detlef"]
[Black "Wittenberg, Gerd"]
[Result "1-0"]
[WhiteElo "2001"]
[BlackElo "1906"]
[PlyCount "91"]
[EventDate "2017.01.27"]
[EventType "tourn (corr)"]
[EventRounds "6"]
[EventCountry "GER"]
[SourceTitle "Corr 2020"]
[Source "ChessBase"]
[SourceDate "2019.09.30"]
[SourceVersion "1"]
[SourceVersionDate "2019.09.30"]
[SourceQuality "1"]

1. d4 Nf6 2. Bf4 c5 3. e3 d5 4. Nf3 Nc6 5. c3 Nh5 6. dxc5 Nxf4 7. exf4 e6 8. b4 a5 9. Qd2 Be7 10. Bb5 Bf6 11. Ne5 Bxe5 12. fxe5 0-0 13. Bxc6 bxc6 14. 0-0 f6 15. Re1 fxe5 16. Rxe5 Ra7 17. Qe1 axb4 18. cxb4 Qh4 19. a3 Qd4 20. Ra2 Rf6 21. Re3 Raf7 22. Rd2 Qc4 23. Rde2 Qh4 24. Nd2 Ba6 25. f3 Qh6 26. Rf2 Rg6 27. Nb3 Rf4 28. Rd2 Rc4 29. g3 Kf7 30. Re5 Bb5 31. Nd4 Qh3 32. f4 h6 33. Re3 h5 34. f5 exf5 35. Re8 Rf6 36. a4 Rxd4 37. Re7+ Kf8 38. Rxd4 Bf1 39. Rd2 Bc4 40. b5 cxb5 41. Re8+ Kf7 42. Rb8 Kg6 43. axb5 f4 44. b6 d4 45. Rh8 Bd5 46. Qb1+ 1-0